[Event "FRA-chT3 Gr14 0607"]
[Site "France"]
[Date "2007.04.01"]
[Round "9.1"]
[White "Koegler, Dominique"]
[Black "Jaeggi, Dorian"]
[Result "0-1"]
[WhiteElo "1954"]
[BlackElo "2239"]
[PlyCount "104"]
[EventDate "2006.10.15"]
[EventType "team"]
[EventRounds "9"]
[EventCountry "FRA"]
[SourceTitle "EXT 2008"]
[Source "ChessBase"]
[SourceDate "2007.11.25"]
[SourceVersion "1"]
[SourceVersionDate "2007.11.25"]
[SourceQuality "1"]

1. e4 c5 2. Nf3 d6 3. d4 cxd4 4. Nxd4 Nf6 5. Nc3 a6 6. Be3 e5 7. Nb3 Be6 8. f3 Nbd7 9. g4 b5 10. a3 Nb6 11. h4 Be7 12. h5 Nfd7 13. Qd2 Nc4 14. Bxc4 bxc4 15. Nc1 Rb8 16. Rb1 Bh4+ 17. Ke2 Be7 18. N1a2 a5 19. Nd5 Bxd5 20. Qxd5 Qc7 21. g5 h6 22. g6 0-0 23. Nc3 Nf6 24. gxf7+ Rxf7 25. Qe6 Qc8 26. Qxc8+ Rxc8 27. Rbg1 Kh7 28. Bc1 Rcf8 29. Rg3 Bd8 30. Nd1 d5 31. exd5 Nxd5 32. Ne3 Nf4+ 33. Kf1 Rc7 34. Bd2 Rc5 35. Bc3 Rf7 36. Ng4 Rf5 37. Nxe5 Rcxe5 38. Bxe5 Rxe5 39. Rg4 Bg5 40. Rhg1 Re3 41. Rxf4 Bxf4 42. Kf2 Re5 43. Rh1 g5 44. Rd1 Re7 45. b4 axb4 46. axb4 Rb7 47. c3 Be5 48. Rc1 Kg7 49. Ke2 Kf6 50. Kd1 Kf5 51. Kc2 Ra7 52. Rb1 Ra3 0-1